[Event "Dundee & Angus Minor"]
[Site "?"]
[Date "2014.10.12"]
[Round "5"]
[White "Depasquale, Duncan"]
[Black "McCausland, Gary"]
[Result "1-0"]
[WhiteElo "937"]
[BlackElo "1090"]
[PlyCount "69"]
[EventDate "2014.??.??"]

1. d4 Nf6 2. c4 c5 3. e3 cxd4 4. exd4 g6 5. Nc3 Bg7 6. Nf3 O-O 7. Bd3 Qc7 8.
Bg5 d6 9. O-O b6 10. Re1 Nbd7 11. Rxe7 Bb7 12. d5 Rfe8 13. Rxe8+ Rxe8 14. Qd2
Kh8 15. Bh6 Ne5 16. Bxg7+ Kxg7 17. Nxe5 Rxe5 18. Re1 Qe7 19. Rxe5 Qxe5 20. Qe2
Qxe2 21. Bxe2 a6 22. g3 Bc8 23. Kg2 Kf8 24. Kf3 Bg4+ 25. Kf4 Bxe2 26. Nxe2 h6
27. Nd4 Nd7 28. h4 Nc5 29. Ke3 h5 30. Nc6 Nd7 31. Na7 Ne5 32. Kd4 Ke8 33. Nc8
Kd8 34. Nxd6 f6 35. f4 1-0

[Event "Dundee & Angus Minor"]
[Site "?"]
[Date "2014.10.12"]
[Round "5"]
[White "Coope, Derek"]
[Black "Thacker, Steve"]
[Result "1/2-1/2"]
[WhiteElo "1302"]
[BlackElo "1260"]
[PlyCount "88"]
[EventDate "2014.??.??"]

1. c4 Nf6 2. Nf3 g6 3. g3 Bg7 4. Bg2 c6 5. O-O O-O 6. d3 d6 7. Nbd2 Nbd7 8. Rb1
a5 9. b3 e5 10. Bb2 d5 11. Nxe5 Nxe5 12. Bxe5 Be6 13. Re1 Qd7 14. Qc2 Ne8 15.
Bxg7 Nxg7 16. Rbc1 Rfc8 17. Nf3 f6 18. Qb2 Qf7 19. a3 h5 20. cxd5 Bxd5 21. b4
axb4 22. axb4 Ra2 23. Qc3 g5 24. Ra1 Rca8 25. Rxa2 Rxa2 26. e4 Be6 27. e5 fxe5
28. Qxe5 g4 29. Ra1 Rxa1+ 30. Qxa1 gxf3 31. Qa8+ Kh7 32. Bf1 Ne8 33. d4 Nd6 34.
Qd8 Nb5 35. Bd3+ Bf5 36. Bxb5 cxb5 37. Qg5 b6 38. Qf4 Bg6 39. Qxf7+ Bxf7 40.
Kf1 Bc4+ 41. Ke1 Kg6 42. Kd2 Kf5 43. Ke3 Be2 44. h3 Bd1 1/2-1/2